000 00251nam a2200097Ia 4500
008 190216s9999||||xx |||||||||||||| ||und||
100 _aKomukutty Moulavi K C
245 0 _aKarbalayile Rektha Bindukkal
260 _bIslamic Publishing House
942 _cBK
999 _c21977
_d21977